Niños con dificultades de aprendizaje: un estudio de seguimiento de cinco años de duración

Uloženo v:
Podrobná bibliografie
Hlavní autor: Koppitz, Elizabeth Münsterberg (autora)
Médium: Kniha
Jazyk:španělština
Vydáno: Buenos Aires Guadalupe 1976
Edice:Biblioteca Pedagógica. Sección: Problemática de la Educación, 39
Témata:
Tagy: Přidat tag
Žádné tagy, Buďte první, kdo vytvoří štítek k tomuto záznamu!

MARC

LEADER 00000nam a2200000 a 4500
001 UCY8988
003 CL-VaPUC
008 950707e19760000AG |||||||||||||||||spa|d
082 0 4 |a 371.92  |b KOP  |2 21 
100 |a Koppitz, Elizabeth Münsterberg   |e autora  |9 337074 
245 1 0 |a Niños con dificultades de aprendizaje: un estudio de seguimiento de cinco años de duración 
300 |a 238 p 
942 |c BK 
945 |d 19950707 00:00:00  |a cmena 
260 |a Buenos Aires  |b Guadalupe  |c 1976 
650 0 |a Educación especial  |9 307486 
650 0 |a Trastornos del aprendizaje  |9 307969 
650 0 |a Niños  |9 255605 
650 0 |a Alumnos atípicos  |9 340239 
650 0 |a Investigación educacional   |9 261192 
583 |a last modification  |c 20170907 12:57:06  |k Rodrigo Vera 
490 0 |a Biblioteca Pedagógica. Sección: Problemática de la Educación, 39 
999 |c 236164  |d 236162 
952 |0 0  |1 0  |4 0  |6 371_920000000000000_KOP_1976  |7 0  |8 A  |9 244048  |a BIBEDU  |b BIBEDU  |d 2019-11-18  |i 1529676  |o 371.92 KOP 1976  |p 1529676  |r 2019-11-18  |w 2019-11-18  |y BK  |k EDU 
952 |0 0  |1 0  |4 0  |6 371_920000000000000_KOP_1976  |7 0  |8 A  |9 244049  |a BIBEDU  |b BIBEDU  |d 2019-11-18  |i 1529684  |o 371.92 KOP 1976  |p 1529684  |r 2019-11-18  |w 2019-11-18  |y BK  |k EDU 
952 |0 0  |1 0  |4 0  |6 371_920000000000000_KOP_1976  |7 0  |8 A  |9 244050  |a BIBEDU  |b BIBEDU  |d 2019-11-18  |i 1607022  |o 371.92 KOP 1976  |p 1607022  |r 2019-11-18  |w 2019-11-18  |y BK  |k EDU 
952 |0 0  |1 0  |4 0  |6 371_920000000000000_KOP_1976  |7 0  |8 A  |9 244051  |a BIBEDU  |b BIBEDU  |d 2019-11-18  |i 1607006  |o 371.92 KOP 1976  |p 1607006  |r 2019-11-18  |w 2019-11-18  |y BK  |k EDU